00653nam a2200169Ia 4500008004100000041000800041082001700049100002500066245011400091260003000205300000800235365001600243700002500259906003200284999001900316952014800335230718s9999 xx 000 0 und d aeng a004.165bGAO aGaonkar R.S.9111589 aFundamentals Of Microcontrollers And Applications In Embedded SystemsbWith The PIC 18 Microcontroller Family bPenram International Pub. a560 cRs.b270.00 aGaonkar R.S.9111589 dB:309310-Jan-2008cINSTb54 c318151d318151 00104070aCCEPbCCEPd2008-01-17eTbsfINSTg216.00i3093l0o004.165pCCEP-BK-29358r2023-07-18 00:00:00t54v270.00w2008-01-10yBKz029358